00330nam a2200133Ia 4500008004100000041000800041082001800049100001800067245003500085250000600120260003900126300001100165650002000176210716s2003 xx 000 0 und d aeng a621.3822 CHIJ aChitode, J S. aVtu digital signal processing. a1 aPunebTechnical Publicationsc2003 axi,549 aDigital Systems